| 000 | 00621nam a22001937a 4500 | ||
|---|---|---|---|
| 999 |
_c182541 _d182541 |
||
| 005 | 20211122110547.0 | ||
| 010 | _aUR-11332 | ||
| 020 |
_c250.00 _a- |
||
| 035 | _aU-9887 | ||
| 037 | _bDBAD/PUB | ||
| 082 | _a808.88 | ||
| 100 | _aعا ر ف حسن خا ن | ||
| 245 |
_aمير کا شعر ی آ ہنگ _cعا ر ف حسن خا ن |
||
| 246 |
_aMeer Ka Sheri Ahang (Urdu) _bby Arif Hasan Khan |
||
| 260 |
_aN.Delhi _c2021ء _bEducational Publishing House |
||
| 270 |
_aD1/16,Ansari Road,Darya Ganj, _bNew Delhi _e110002 _l - |
||
| 300 |
_a112 ص _c22 Cm(Hb) |
||
| 942 |
_2ddc _cUR _h808.88 _mع ا ر |
||